Jurisprudencia estatal en materia eclesiástica

Guardat en:
Dades bibliogràfiques
Autor principal: Portero Sánchez, Luis (Autor)
Format: Llibre
Idioma:espanyol
Publicat: Madrid Montecorvo 1968
Matèries:
Etiquetes: Afegir etiqueta
Sense etiquetes, Sigues el primer a etiquetar aquest registre!

MARC

LEADER 00000nam a2200000 a 4500
001 UCT7960
003 CL-VaPUC
008 970317e19680000SP |||||||||||||||||spa|d
082 0 4 |a 262.9  |b POR  |2 21 
100 0 |a Portero Sánchez, Luis  |e author  |9 379340 
245 1 0 |a Jurisprudencia estatal en materia eclesiástica 
300 |a 238 p 
942 |c BK 
945 |d 19970317 00:00:00  |a paguirre 
260 |a Madrid  |b Montecorvo  |c 1968 
650 7 |a DERECHO CANONICO  |2 CL-VaPUC  |9 379341 
650 0 |a Jurisprudencia civil  |9 255095 
650 0 |a Iglesia y Estado  |9 254995 
650 0 |a Religión   |9 255164 
650 0 |a Sacerdotes   |9 315705 
650 7 |a MATRIMONIO  |2 CL-VaPUC  |9 379342 
583 |a last modification  |c 19970317 00:00:00  |k Rodrigo Vera 
999 |c 256505  |d 256503 
952 |0 0  |1 0  |4 0  |6 262_900000000000000_POR_1968  |7 0  |8 A  |9 279281  |a BIBDER  |b BIBDER  |d 2019-11-19  |i 1811177  |o 262.9 POR 1968  |p 1811177  |r 2023-01-25  |w 2019-11-19  |y BK  |k DER